Responses for Show #3767 - Tuesday, January 9, 2001

Michael Arnone game 1.

Contestants

[<< previous game]

Michael Arnone, a graduate student originally from Pennington, New Jersey

Vivian Moyle, a human anatomy instructor from Elmhurst, Illinois

Adam Taxin, a graduate student originally from Rose Valley, Pennsylvania (whose 3-day cash winnings total $44,200)

[next game >>]

Jeopardy! Round responses

AMAZIN' FACTS
EXPLORATION
BIG SCREEN TITLE PAIRS
CLASSIC KIDDY LIT
NOW HEAR THIS!
WHAT UP, "G"?
    $100 29
its tail

Adam
    $100 16
the Grand Canyon

Adam
    $100 26
(Michael: What is Charlie?)
...
(Alex: "Charlie" began the title of the book; "[*]", the film.)

Willy Wonka

AdamMichael
    $100 17
(Adam: Who was Mama Bear?)

Baby Bear

AdamVivian
    $100 30
a bugle

Michael
    $100 25
the gizzard

Adam
    $200 28
(Michael: What is the Greenwich Meridian?)

the Mason-Dixon Line

VivianMichael
    $200 15
Captain William Bligh

Vivian
    $200 7
Clear

Michael
    $200 18
Gruff

Adam
    $200 22
a cuckoo clock

Adam
    $200 24
a guarantee

Adam
    $300 27
Jim Thorpe

Adam
    $300 3
Asia & North America

Adam
    $300 6
The Ghost

Triple Stumper
    $300 19
Harriet the Spy

Michael
    $300 21
a drag racer

Michael
    $300 23
(Alex: Minute to go.)

the Golden Fleece

Adam
    $400 13
sultan

Adam
    $400 2
the Yucatan Peninsula

Michael
    $400 5
Dazed

Vivian
    $300 14
"Beauty and the Beast"

Adam
    $400 20
sonar

Michael
    $400 11
good men

Michael
    $500 12
Christopher Marlowe

Adam
    $500 1
the Cape of Good Hope

Michael
    $500 4
(Michael: What is Androcles?)

The Wind

Michael
Triple Stumper
    $500 8
Files

Michael
    $500 9
a didgeridoo

Michael
    $500 10
Sir Galahad

Adam

Scores at the first commercial break (after clue 14):

Adam Vivian Michael
$2,000 $400 $2,000

Scores at the end of the Jeopardy! Round:

Adam Vivian Michael
$3,500 $900 $2,800

Double Jeopardy! Round responses

AMAZON FACTS
(Alex: Not AMAZIN' FACTS.)
A GERSHWIN TUNE
BUTTERFLIES
AVIATION
(Alex: We want you to name the president as we tell you who was...)
IN MY CABINET
LEGAL BEFORE & AFTER
    $200 1
Brazil

Michael
    $200 10
"Let's Call The Whole Thing Off"

Adam
    $200 9
Richard Nixon

Adam
    $200 11
(Adam: What is Brown v. Board of Education?)

Charlie Brown v. Board of Education

AdamMichael
    $400 8
John F. Kennedy

Adam
    $400 12
The Village People vs. Larry Flynt

Michael
    $600 4
(Vivian: What is a snake?)

fish

Vivian
Triple Stumper
    $600 21
a Monarch butterfly

Michael
    $600 23
[The end-of-round signal sounds.]
(Alex: Vivian, you're at -$500, so you won't be around for Final Jeopardy!, but you do get our third-place prize.)

Fortress

Michael
    $600 7
Abraham Lincoln

Adam
    $600 13
Roe v. Wade Boggs

Adam
    $800 3
deforestation

Adam
    $800 22
(Vivian: What is "It's de-lightful, it's de-lovely?")

"'S Wonderful"

Vivian
Triple Stumper
    $800 20
pheromones

Vivian
    $800 19
(Alex: We have a minute to go.)

payload

Triple Stumper
    $800 6
Ronald Reagan

Adam
    $800 14
(Vivian: What is Kramer vs. Kramer?)

Cosmo Kramer vs. Kramer

Vivian
Triple Stumper
    $1000 2
tidal bore

Triple Stumper
    $1000 16
"Nice Work If You Can Get It"

Michael
    $1,000 17
chrysalis

Michael
    $1000 18
(Adam: What is Boeing?)

Gulfstream

Adam
Triple Stumper
    $1,400 5
(Adam: Who is Ronald Reagan?)

Jimmy Carter

Adam
    $1000 15
Marbury v. Madison Square Garden

Adam

Scores at the end of the Double Jeopardy! Round:

Adam Vivian Michael
$5,500 -$500 $6,800

[wagering suggestions for these scores]

Final Jeopardy! Round responses

FLAGS
(Alex: Parliament Hill is in Ottawa.)
AdamWhat is Australia?
$3,500
MichaelWhat is South Africa?
$3,500
Canada

Final scores:

Adam Vivian Michael
$2,000 -$500 $3,300
2nd place: a trip to Cayman Islands courtesy of Yahoo! Travel 3rd place: TiVo recorder and service New champion: $3,300

Game dynamics:

Coryat scores:

Adam Vivian Michael
$7,000 -$500 $6,800
22 R
(including 1 DD),
4 W
(including 1 DD)
5 R,
3 W
17 R
(including 1 DD),
3 W

Combined Coryat: $13,300

[game clues] [game scores] [suggest correction]

Game tape date: 2000-11-01
The J! Archive is created by fans, for fans. Scraping, republication, monetization, and malicious use prohibited; this site may use cookies and collect identifying information. See terms. The Jeopardy! game show and all elements thereof, including but not limited to copyright and trademark thereto, are the property of Jeopardy Productions, Inc. and are protected under law. This website is not affiliated with, sponsored by, or operated by Jeopardy Productions, Inc. Join the discussion at JBoard.tv.